000 00921cam a2200253 a 4500
001 000014052
005 20260224094453.0
008 020424s2001 mx b 000 0 spa d
020 _a9688642037
035 _a(OCoLC)ocm49944145
040 _aDO-SdBNP
_bspa
_cBNPHU
_dDLC
082 _a348.06135
_bP198s
100 1 _aPantoja Meriño, José de Jesús.
_931836
245 1 3 _aLa situación del menor en el derecho mexicano /
_cJ. Jesús Pantoja Meriño.
260 _aGuanajuato :
_bSEP Apoyo Fomes 97 ;
_bUniversidad de Guanajuato,
_c2001.
300 _a72 p. ;
_c23 cm.
490 1 _aNuevo siglo
_aHumanidades
504 _aIncluye referencias bibliográficas (p. 69-70) y notas al pie de las páginas.
650 0 _aDerechos del niño
_95135
650 4 _aNiños
_xEstado legal, legislación, etc.
_916467
830 0 _aNuevo siglo,
_pHumanidades
_930714
910 _aCatalogación por copia / LC
049 _aBNGR
999 _c13654
_d13654